| 000 | 01144nam0a22003131 4500 | ||
|---|---|---|---|
| 001 | rc\2260498 | ||
| 005 | 20250623031033.0 | ||
| 035 | _a(NLR Aleph) 006541268 | ||
| 090 |
_a6639151 _c6639151 |
||
| 100 | _a20110826d1978 |||y0rusy50 ca | ||
| 101 | 1 |
_arus _ctat |
|
| 102 | _aRU | ||
| 105 | _ay z ||||| | ||
| 200 | 1 |
_aЛетопись войны _eДневник _fХайрутдин Музай _gПер. с татар. А. Бадюгиной _g[Вступ. ст. С. Шакира] |
|
| 210 |
_aКазань _cТатар. кн. изд-во _d1978 |
||
| 215 |
_a175 с. _d17 |
||
| 606 |
_aСоветская Армия на фронтах Великой Отечественной войны 1941-1945 гг. (х. л.) _2psbo |
||
| 686 |
_aШ5(2=Тат)7-4ХайрутдинМ.12 _2rubbk |
||
| 700 | 1 |
_aМузай _bХ. _gХайрутдин |
|
| 702 | 1 |
_aШакир _bС. _4080 |
|
| 702 | 1 |
_aБадюгина _bА. _4730 |
|
| 801 | 0 |
_aRU _bNLR _gpsbo |
|
| 801 | 1 |
_aRU _bELAR _2rusmarc |
|
| 852 |
_aNLR _j78-2/3460 |
||
| 899 |
_aRuMoRGB _jБ 78-43/993 |
||
| 899 |
_aRuMoRGB _jБ 78-43/994 |
||
| 899 |
_aRuMoRGB _jВО 679/426 |
||
| 942 | _cBOOK | ||
| 980 | _aNB | ||